Rozpoznaj ssaki na zdjęciach #4 - Statystyki

Ogólne statystyki
  • Ten quiz został rozwiązany 2 565 razy
    2 513 od ostatniego zresetowania
  • Średni wynik to 8 z 18
Statystyki odpowiedzi
Obrazkowy Odpowiedź % Poprawnych
Kangur
98%
Wiewiórka
98%
Gepard
88%
Kawia Domowa
78%
Guziec
73%
Panda Czerwona
71%
Jeżozwierz
62%
Lampart
61%
Renifer
57%
Kojot
56%
Makak
28%
Golec piaskowy
19%
Mandryl
16%
Lotopałanka
10%
Mrówkojad wielki
10%
Biruang malajski
8%
Koziorożec alpejski
7%
Gaur
4%
Nie znaleziono quizów pasujących do podanych kryteriów
Rozkład punktacji
Procent ludzi z każdym wynikiem
Percentyl według liczby udzielonych odpowiedzi
Twoja historia wyników
Nie rozwiązałeś tego quizu od ostatniego zresetowania